Always in my Head Coldplay - Lyrics Quiz - Statistics

General Stats
  • This quiz has been taken 8 times
  • The average score is 35 of 90
Answer Stats
Answer % Correct
i
100%
always
57%
always
57%
always
57%
do
57%
head
57%
head
57%
head
57%
head
57%
i
57%
i
57%
i
57%
in
57%
in
57%
in
57%
in
57%
my
57%
my
57%
my
57%
my
57%
think
57%
you
57%
you're
57%
you're
57%
you're
57%
always
43%
always
43%
always
43%
always
43%
and
43%
body
43%
but
43%
don't
43%
forget
43%
goes
43%
head
43%
i
43%
i
43%
in
43%
in
43%
in
43%
my
43%
my
43%
my
43%
my
43%
of
43%
think
43%
though
43%
where
43%
you
43%
you're
43%
you're
43%
and
29%
be
29%
but
29%
chosen
29%
guess
29%
haven't
29%
i
29%
i
29%
mouth
29%
moves
29%
moves
29%
my
29%
my
29%
never
29%
rest
29%
slept
29%
so
29%
tell
29%
the
29%
to
29%
try
29%
will
29%
you're
29%
be
14%
fed
14%
from
14%
heart
14%
is
14%
it
14%
just
14%
led
14%
out
14%
stays
14%
still
14%
this
14%
to
14%
waters
14%
won't
14%
No matching quizzes found
Score Distribution
Percent of People with Each Score
Percentile by Number Answered
Your Score History
You have not taken this quiz